000 00447nam a2200169Ia 4500
003 LK-CoDNM
005 20240729130839.0
008 010623t1928 xxu||||| |||| 00| 1 eng d
040 _aLK-CoDNM
_dLK-CoDNM
_eLK-CoDNM
041 _aeng
080 _a14
_bU 4.1
100 _aHavell,E.B.
245 _aIndian Sculpture and Painting
260 _bJohn Murray
_aLondon
_c1928
300 _bxxiv, 288p. : ILL ; 25 260: Second cm
942 _cBK
999 _c94306
_d94306